Asia Map Quiz - "C" Cities - Statistics

General Stats
  • This quiz has been taken 125 times
    122 since last reset
  • The average score is 13 of 20
Answers on the Map
Answers color-coded by a green-red scale on the quiz's map according to % correct below.
 
Answer Stats
Answer % Correct
Chennai
91%
Chelyabinsk
90%
Colombo
90%
Cebu
86%
Chittagong
86%
Chiang Mai
79%
Chengdu
77%
Chiba
74%
Can Tho
73%
Chandigarh
70%
Chongqing
67%
Chabahar
62%
Coimbatore
59%
Changchun
56%
Chiayi City
54%
Cagayan de Oro
53%
Changsha
51%
Cuttack
48%
Cixi
42%
Chumphon
35%
No matching quizzes found
Score Distribution
Percent of People with Each Score
Percentile by Number Answered
Your Score History
You have not taken this quiz since the last reset